00718nam a2200181Ia 4500008004100000020002200041050002000063100002000083245006200103250000700165260002300172300002000195500004700215650011900262700003400381952010400415999001700519120626s9999 xx 000 0 und d a978-968-24-4001-4 aPE1065 L66 1990 aLONG, Eugene E. aIngles idiomático 2 / Eugene E. Long y William Buckwald a10 aMéxico : Trillas a293 p. ; 21 cm. aContiene: vocabulario inglés - español aTIEMPO FUTURO \ PASADO PARTICIPIO \ PRESENTE - PASADO - PERFECTO \ ADJETIVOS - ADVERBIOS \ AUXILIARES \ VOZ PASIVA aBUCKWALD, William (coaut.)Ì 00102ddc4070a22b22d2010-10-26l0oPE1065 L66 1990p17 000821r2023-07-31t1w2012-06-26yLBf c73489d73489